000 00580nam a2200205Ia 4500
001 14971
003 GE_BSU
008 181216s||||||||xx |||||||||||||| ||und||
040 _cGE_BSU
080 _a519.21(091)
100 _aБернулли,Я.
245 _aО законе больших чисел.
245 _cПод.ред.А.А.Маркова. Под общ. ред.Ю.В.Прохорова
260 _aМосква
260 _bНаука
260 _c1986
300 _a175стр.21см.
653 _aО законе больших чисел.
942 _cBK
999 _c48090
_d48090